Генетика вирусов человека и животных

التفاصيل البيبلوغرافية
المؤلف الرئيسي: Гендон Ю. З. Юрий Захарович
مؤلف مشترك: Академия наук СССР (АН СССР)
اللغة:الروسية
منشور في: Москва, Наука, 1967
الموضوعات:
التنسيق: MixedMaterials كتاب
KOHA link:https://koha.lib.tpu.ru/cgi-bin/koha/opac-detail.pl?biblionumber=244344

MARC

LEADER 00000nam0a2200000 4500
001 244344
005 20231101232036.0
035 |a (RuTPU)RU\TPU\book\265727 
090 |a 244344 
100 |a 20131021d1967 k y0rusy50 ca 
101 0 |a rus 
102 |a RU 
105 |a a z 001zy 
200 1 |a Генетика вирусов человека и животных  |f Ю. З. Гендон  |g Академия наук СССР (АН СССР) 
210 |a Москва  |c Наука  |d 1967 
215 |a 356 с.  |c ил. 
320 |a Библиогр.: с. 303-342. 
320 |a Предметный указатель: с. 343-353. 
606 1 |a Генетика  |2 stltpush  |3 (RuTPU)RU\TPU\subj\5872  |9 33860 
610 1 |a вирусы 
610 1 |a человек 
610 1 |a животные 
610 1 |a наследственность 
610 1 |a генетические признаки 
610 1 |a генетические взаимоотношения 
610 1 |a изменчивость 
610 1 |a мутация 
675 |a 575  |v 3 
700 1 |a Гендон  |b Ю. З.  |g Юрий Захарович 
712 0 2 |a Академия наук СССР (АН СССР)  |2 stltpush  |3 (RuTPU)RU\TPU\col\722 
801 1 |a RU  |b 63413507  |c 20131021 
801 2 |a RU  |b 63413507  |c 20131022  |g RCR 
942 |c BK